| Tag |
First Indicator |
Second Indicator |
Subfields |
| LEADER |
00000cam a2200000 a 4500 |
| 001 |
in00000030203 |
| 005 |
20151007060230.0 |
| 008 |
871008s1988 miua b 00110 eng |
| 010 |
|
|
|a 87029421
|
| 020 |
|
|
|a 0835718425 (alk. paper)
|
| 035 |
|
|
|a (OCoLC)16900838
|
| 035 |
|
|
|9 AAC0354AM
|
| 040 |
|
|
|a DLC
|c DLC
|d TXA
|d UtOrBLW
|
| 049 |
|
|
|a TXAM
|c [A11090390]
|
| 050 |
0 |
0 |
|a GV1790.R57
|b B47 1988
|
| 082 |
0 |
|
|a 792.8/42
|2 19
|
| 100 |
1 |
|
|a Berg, Shelley C.,
|d 1952-
|
| 245 |
1 |
3 |
|a Le sacre du printemps :
|b seven productions from Nijinsky to Martha Graham /
|c by Shelley C. Berg.
|
| 264 |
|
1 |
|a Ann Arbor :
|b UMI Research Press,
|c [1988]
|
| 264 |
|
4 |
|c ©1988
|
| 300 |
|
|
|a x, 207 pages :
|b illustrations ;
|c 24 cm.
|
| 336 |
|
|
|a text
|b txt
|2 rdacontent
|
| 337 |
|
|
|a unmediated
|b n
|2 rdamedia
|
| 338 |
|
|
|a volume
|b nc
|2 rdacarrier
|
| 490 |
1 |
|
|a Theater and dramatic studies ;
|v no. 48
|
| 500 |
|
|
|a Seventy-fifth anniversary of the premiere, 1913-1988.
|
| 504 |
|
|
|a Bibliography: pages [191]-198.
|
| 500 |
|
|
|a Includes index.
|
| 650 |
|
0 |
|a Rite of spring (Ballet)
|
| 650 |
|
0 |
|a Dance
|x Production and direction
|x History.
|
| 830 |
|
0 |
|a Theater and dramatic studies ;
|v no. 48.
|
| 999 |
|
|
|a MARS
|
| 999 |
f |
f |
|s c3ccccf6-ea98-30bc-b31a-a51908e7ab1a
|i abc6d121-6b00-3957-a77c-f8cda66587e9
|t 0
|
| 952 |
f |
f |
|p ric
|a Texas A&M University
|b Rellis Campus
|c Joint Library Facility
|d Remote Storage
|t 0
|e GV1790.R57 B47 1988
|h Library of Congress classification
|i unmediated -- volume
|m A14811090390
|
| 998 |
f |
f |
|a GV1790.R57 B47 1988
|t 0
|l Remote Storage
|